Central Library OPAC University of Rajshahi

Research institutions / (Record no. 15559)

MARC details
000 -LEADER
fixed length control field 01028nam a2200253 a 4500
001 - CONTROL NUMBER
control field 15559
003 - CONTROL NUMBER IDENTIFIER
rucl marc code BD-RjUL
005 - DATE AND TIME OF LATEST TRANSACTION
control field 20211208235837.0
008 - FIXED-LENGTH DATA ELEMENTS--GENERAL INFORMATION
fixed length control field 161226q1984 tu ||||| |||| 00| 0 eng d
020 ## - INTERNATIONAL STANDARD BOOK NUMBER
International Standard Book Number 9290471086
035 ## - SYSTEM CONTROL NUMBER
System control number (BD-RjUL)15614
040 ## - CATALOGING SOURCE
Original cataloging agency BD-RjUL
Language of cataloging ben
Transcribing agency BD-RjUL
041 ## - LANGUAGE CODE
Language code of text/sound track or separate title ben
082 ## - DEWEY DECIMAL CLASSIFICATION NUMBER
Classification number 001.402517671
Author mark and year STR 1984
110 ## - MAIN ENTRY--CORPORATE NAME
Corporate name or jurisdiction name as entry element Statistical, Economic and Social Research and Training Centre for Islamic Countries.
9 (RLIN) 177150
245 10 - TITLE STATEMENT
Title Research institutions /
Statement of responsibility, etc. Statistical, Economic and Social Research and Training Centre for Islamic Countries.
260 ## - PUBLICATION, DISTRIBUTION, ETC. (IMPRINT)
Place of publication, distribution, etc. Ankara, Turkey :
Name of publisher, distributor, etc. Statistical, Economic, and Social Research and Training Centre for Islamic Countries (SESRTCIC) ,
Date of publication, distribution, etc. [1984?]
300 ## - PHYSICAL DESCRIPTION
Pagination 345 pages ;
Size 28 cm.
490 ## - SERIES STATEMENT
Series statement Directory series on OIC member countries ;
Volume/sequential designation 1.
500 ## - GENERAL NOTE
General note Includes indexes.
650 ## - SUBJECT ADDED ENTRY--TOPICAL TERM
Topical term or geographic name as entry element Research
Geographic subdivision Islamic countries
General subdivision Societies, etc.
Form subdivision Directories.
9 (RLIN) 177151
830 ## - SERIES ADDED ENTRY--UNIFORM TITLE
Uniform title Directory series on OIC member countries ;
Volume number/sequential designation 1.
942 ## - ADDED ENTRY ELEMENTS (KOHA)
Source of classification or shelving scheme Dewey Decimal Classification
Koha item type Reference
Holdings
Lost status Source of classification or shelving scheme Damaged status Not for loan Collection code Permanent Location Current Location Shelving location Date acquired Source of acquisition Total Checkouts Full call number Date last seen Copy number Koha item type
  Dewey Decimal Classification   Not For Loan Reference Central Library, University of Rajshahi Central Library, University of Rajshahi   17/02/2009 Rajshahi, R.U.C.L.   R 001.402517671 STR 1984 26/12/2016 C-1 Reference